| 000 | 00823nam a2200253 i 4500 | ||
|---|---|---|---|
| 001 | 181302 | ||
| 003 | ES-MaACL | ||
| 005 | 20250814054355.0 | ||
| 008 | 121207s2010 sp | |||||||| | spa d | ||
| 020 | _a978-84-15122-05-0 | ||
| 080 | _a327(100)"1945/..." | ||
| 080 | _a061.236.6 | ||
| 100 | 1 |
_aGaliana, Manuel ( _d1951-) _9148005 |
|
| 245 | 1 | 3 |
_aEl nuevo orden mundial : _bla trama oculta de la masonería y el sionismo hacia una dictadura universal / _cManuel Galiana. |
| 250 | _a1ª ed. | ||
| 260 |
_a[Madrid] : _bChronica, _c2010. |
||
| 300 |
_a256 p. ; _c23 cm. |
||
| 610 | 2 | 4 |
_aMasonería _95658 |
| 650 | 7 |
_aPolítica mundial. _916301 |
|
| 650 | 7 |
_aSionismo. _917129 |
|
| 852 |
_aES-MaACL _jA-12349 _9188186 _bR.148309 _cDEPO1 _dOlim: N-5354 |
||
| 942 |
_2udc _cMONOGRAFIA |
||
| 999 |
_c181302 _d181302 |
||